LEADER 00923nam0-22003251i-450- 001 990005576970403321 005 20140321181653.0 035 $a000557697 035 $aFED01000557697 035 $a(Aleph)000557697FED01 035 $a000557697 100 $a19990604d1960----km-y0itay50------ba 101 0 $aeng 102 $aGB 105 $ay-------001yy 200 1 $aEnglish Baronies$ea study of their origin and descent, 1086-1327$fby I.J. Sanders 210 $aOxford$cClarendon Press$d1960 215 $aXIV, 203 p.$d23 cm 610 0 $aInghilterra$aStoria$a1086-1327 676 $a929.72$v21$zita 700 1$aSanders,$bIvor John$0215089 801 0$aIT$bUNINA$gRICA$2UNIMARC 901 $aBK 912 $a990005576970403321 952 $aV D 190$b64774$fFGBC 952 $a929.72 SAN 1$bST.MED.MOD. 5503$fFLFBC 959 $aFLFBC 959 $aFGBC 996 $aEnglish Baronies$9607622 997 $aUNINA LEADER 01070nam0-2200313---450- 001 990004216610403321 005 20160308133416.0 035 $a000421661 035 $aFED01000421661 035 $a(Aleph)000421661FED01 035 $a000421661 100 $a19990604d1787----km-y0itay50------ba 101 0 $aita 105 $ay-------000gy 200 1 $a<>bbinte rotola de lo Valanzone azzoè Commiento ncopp'a le bbinte norme de la chiazza de lo Campejone 210 $aNapoli$cpresso Giuseppe Maria Porcelli$d1787 215 $a274 p.$d12° 225 1 $aCollezione di tutti i poemi in lingua napoletana$v17 300 $aContiene con propro front. Batracomiomachia d'Omero azzoè La vattaglia ntra le rranonchie, e li surece de Nunziante Pagano 620 $aItalia.$dNapoli 676 $a851$v22$zita 700 1$aPagano,$bNunziante$0165974 719 00$aPorcelli,$gGiuseppe Maria$4650 801 0$aIT$bUNINA$gRICA$2UNIMARC 901 $aAQ 912 $a990004216610403321 952 $aSG 850/A 80$bBibl.18406$fFLFBC 959 $aFLFBC 997 $aUNINA